| 000 | 00601nam a2200217Ia 4500 | ||
|---|---|---|---|
| 003 | GCL | ||
| 008 | 140319s9999 xx 000 0 eng d | ||
| 040 |
_aGCL / _cGCL |
||
| 082 | 0 | 4 |
_a612.76 _bH E |
| 100 | 1 | _aHOLLOSZY, JOHN O. | |
| 245 | 1 | 0 |
_aEXERCISE AND SPORT SCIENCES REVIEWS, VOL 20 1992 / _cHOLLOSZY, JOHN O. |
| 260 |
_a[S.N] : _bWILLIAMS & WILKINS ، _c1992 |
||
| 300 | _a387 P | ||
| 490 |
_aAMERICAN COLLEGE OF SPORTS MEDICINE SERIES _v0 |
||
| 650 | 0 | 4 | _aGENETICS |
| 650 | 0 | 4 | _aMASS MEDIA |
| 650 | 0 | 4 | _aSPORTS |
| 650 | 0 | 4 | _aHUMAN PHYSIOLOGY |
| 650 | 0 | 4 | _aHUMAN ENERGY |
| 942 |
_2ddc _cBK |
||
| 999 |
_c22155 _d22155 |
||